[Event "CYCC U12"]
[Site "Windsor CAN"]
[Date "2010.07.08"]
[Round "6"]
[White "Tismenko, Dennis"]
[Black "McInnis, Preston"]
[Result "1-0"]
[WhiteElo "1301"]
[BlackElo "795"]
[PlyCount "93"]
[EventDate "2010.07.06"]
[EventType "swiss"]
[EventRounds "7"]
[EventCountry "CAN"]

1. e4 e5 2. Nf3 Nc6 3. Nc3 Nf6 4. Bb5 Bb4 5. O-O O-O 6. d3 Bxc3 7. bxc3 d5 8.
Bg5 d4 9. cxd4 exd4 10. Bxc6 bxc6 11. e5 h6 12. exf6 hxg5 13. fxg7 Kxg7 14. Qd2
g4 15. Qg5+ Qxg5 16. Nxg5 c5 17. Ne4 c4 18. f3 cxd3 19. cxd3 gxf3 20. Rxf3 f5
21. Raf1 Rb8 22. Ng3 Rb5 23. Ne2 Rd8 24. Rg3+ Kf6 25. h4 Rb2 26. Nc1 Ba6 27. h5
Rb1 28. Rg6+ Ke5 29. Rxa6 Rxc1 30. Rxc1 Rh8 31. g4 fxg4 32. Rxc7 Rxh5 33. Rc5+
Kf4 34. Rxh5 Kf3 35. Rg5 Kf4 36. Rxg4+ Kxg4 37. Rf6 a5 38. a4 Kg5 39. Rf8 Kg4
40. Kf2 Kg5 41. Kf3 Kg6 42. Ke4 Kg5 43. Rf1 Kg6 44. Ke5 Kg5 45. Rg1+ Kh4 46.
Kf5 Kh5 47. Rh1# 1-0

[Event "CYCC U12"]
[Site "Windsor CAN"]
[Date "2010.07.08"]
[Round "6"]
[White "Yang, Bryant"]
[Black "Yang, Benjamin"]
[Result "0-1"]
[WhiteElo "1500"]
[BlackElo "1744"]
[PlyCount "226"]
[EventDate "2010.07.06"]
[EventType "swiss"]
[EventRounds "7"]
[EventCountry "CAN"]

1. e4 d6 2. d4 Nf6 3. Nc3 c6 4. h3 Qc7 5. f4 e5 6. Be2 Be7 7. Bf3 h5 8. g3 Nbd7
9. Nge2 exd4 10. Nxd4 Nb6 11. a3 a6 12. Bg2 Bd7 13. O-O Rg8 14. Qf3 g6 15. b3
c5 16. Nde2 Bc6 17. Rd1 O-O-O 18. Nd5 Nfxd5 19. exd5 Bd7 20. c4 Bf6 21. Rb1 Bf5
22. Bb2 Qe7 23. Bxf6 Qxf6 24. Ra1 Rde8 25. Ra2 Qe7 26. Kh2 Qe3 27. Rf1 Qxf3 28.
Rxf3 Be4 29. Rc3 f5 30. Bxe4 Rxe4 31. Kg2 Nd7 32. Kf3 Rge8 33. Rb2 Kc7 34. Rd3
b6 35. Kf2 R8e7 36. Kf3 Nf8 37. Kf2 Nh7 38. Nc3 Re1 39. Rd1 R1e3 40. Re2 Rxe2+
41. Nxe2 Nf6 42. Kf3 Ne4 43. Rd3 b5 44. cxb5 axb5 45. a4 bxa4 46. bxa4 Kb6 47.
Nc3 Nxc3 48. Rxc3 Ka5 49. Rb3 Kxa4 50. Rb6 Rd7 51. Ke3 Ka5 52. Rb1 Ka6 53. Kd3
Rb7 54. Ra1+ Kb6 55. Kc4 Kc7 56. Ra4 Kd7 57. Kc3 Ke7 58. Kc4 Rb6 59. Kc3 Kf6
60. h4 Rb7 61. Ra6 Ke7 62. Ra4 Kf6 63. Ra6 Rd7 64. Kc4 Ke7 65. Kc3 Rb7 66. Ra4
Kd7 67. Kc4 Kc7 68. Kc3 Rb4 69. Ra7+ Rb7 70. Ra1 Kb6 71. Rb1+ Ka7 72. Ra1+ Kb8
73. Ra6 Kc7 74. Ra4 Kb6 75. Ra1 Ra7 76. Rb1+ Kc7 77. Re1 Ra3+ 78. Kc4 Rxg3 79.
Re7+ Kd8 80. Re6 Kd7 81. Rf6 Rg4 82. Rf7+ Ke8 83. Rf6 Ke7 84. Re6+ Kd7 85. Kb5
Rxf4 86. Rxg6 Rb4+ 87. Ka5 Rxh4 88. Rg7+ Ke8 89. Rg6 Ke7 90. Re6+ Kd7 91. Rf6
Rf4 92. Rf7+ Ke8 93. Rh7 Rd4 94. Rxh5 Rxd5 95. Kb5 Ke7 96. Kc6 Ke6 97. Rh8 Ke5
98. Re8+ Kd4 99. Re1 Re5 100. Rd1+ Ke3 101. Kxd6 Re4 102. Kxc5 Ke2 103. Ra1 f4
104. Ra2+ Kf3 105. Kd5 Re3 106. Kd4 Re2 107. Ra3+ Kf2 108. Ra8 f3 109. Ra7 Kf1
110. Kd3 Re1 111. Rf7 Kf2 112. Rg7 Re3+ 113. Kd2 Re5 0-1

[Event "CYCC U12"]
[Site "Windsor CAN"]
[Date "2010.07.08"]
[Round "6"]
[White "Zhong, Xiao Xiang"]
[Black "Lin, Tony (Juntao)"]
[Result "0-1"]
[WhiteElo "1686"]
[BlackElo "1882"]
[PlyCount "104"]
[EventDate "2010.07.06"]
[EventType "swiss"]
[EventRounds "7"]
[EventCountry "CAN"]

1. e4 c5 2. d4 cxd4 3. c3 Nf6 4. cxd4 Nxe4 5. Nc3 Nxc3 6. bxc3 g6 7. Nf3 Bg7 8.
Rb1 O-O 9. Be2 Qc7 10. Qd2 d6 11. O-O Bf5 12. Bd3 Bxd3 13. Qxd3 Nc6 14. Bd2 a6
15. Rfc1 Rfc8 16. c4 Qd8 17. Rxb7 Rab8 18. Rbb1 e5 19. d5 Ne7 20. h3 f5 21. Ng5
Qd7 22. a3 e4 23. Qe2 Rb7 24. Rxb7 Qxb7 25. Bb4 Be5 26. Ne6 Nxd5 27. Qd2 Nxb4
28. axb4 Rb8 29. Rb1 Qe7 30. Qd5 Kh8 31. Nd4 Qb7 32. Nc6 Rc8 33. Nxe5 Qxd5 34.
Nxg6+ hxg6 35. cxd5 Kg7 36. Kf1 Kf6 37. Ra1 Ra8 38. Ke2 Ke5 39. Rd1 Rb8 40. Ra1
Rb6 41. Ke3 Kxd5 42. Kf4 Kc4 43. Kg5 d5 44. h4 d4 45. h5 gxh5 46. Kxf5 e3 47.
fxe3 dxe3 48. Re1 Kd3 49. Ra1 e2 50. Ra3+ Kd2 51. Ra2+ Ke1 52. Kf4 Kf1 0-1

[Event "CYCC U12"]
[Site "Windsor CAN"]
[Date "2010.07.09"]
[Round "7"]
[White "Baki, Shaumik"]
[Black "Jensen, Jacob"]
[Result "1/2-1/2"]
[WhiteElo "1336"]
[BlackElo "1661"]
[PlyCount "39"]
[EventDate "2010.07.06"]
[EventType "swiss"]
[EventRounds "7"]
[EventCountry "CAN"]

1. e4 c5 2. Nc3 d6 3. g3 Nc6 4. Bg2 g6 5. d3 Bg7 6. f4 Nf6 7. Nf3 a6 8. O-O b5
9. Rb1 Qb6 10. Be3 Ng4 11. Bf2 Nxf2 12. Rxf2 Bg4 13. Rf1 Nd4 14. Ne2 c4 15.
Nfxd4 Bxd4+ 16. Kh1 Bxe2 17. Qxe2 Rc8 18. Bh3 cxd3 19. cxd3 Rd8 20. b3 1/2-1/2

[Event "CYCC U12"]
[Site "Windsor CAN"]
[Date "2010.07.09"]
[Round "7"]
[White "Clemente, Denroi Lee"]
[Black "Jean, Justin"]
[Result "0-1"]
[WhiteElo "988"]
[BlackElo "1077"]
[PlyCount "116"]
[EventDate "2010.07.06"]
[EventType "swiss"]
[EventRounds "7"]
[EventCountry "CAN"]

1. e4 c5 2. d4 cxd4 3. Qxd4 Nc6 4. Qd1 a6 5. Nc3 d6 6. Nf3 Nf6 7. Bc4 g6 8. Bg5
Bg7 9. O-O O-O 10. Bxf6 Bxf6 11. Re1 Bg4 12. Re3 Bd4 13. Rd3 Qb6 14. Qd2 Bxf3
15. gxf3 Bxf2+ 16. Qxf2 Qxf2+ 17. Kxf2 Rfd8 18. Nd5 e6 19. Nc7 Rac8 20. Nxe6
fxe6 21. Bxe6+ Kg7 22. Bxc8 Rxc8 23. Rxd6 Nb4 24. Rd7+ Kh6 25. Rxb7 Rxc2+ 26.
Kg3 Nd3 27. h4 Nc5 28. Rc7 Nxe4+ 29. Kg4 Nf6+ 30. Kg3 Rxc7 31. b4 Nd5 32. Rb1
Rb7 33. a3 a5 34. b5 Nc3 35. Rb3 Nxb5 36. a4 Nd6 37. Rd3 Nf5+ 38. Kg4 Rb4+ 39.
f4 Nxh4 40. Kxh4 Rxf4+ 41. Kg3 Rxa4 42. Rd2 Rb4 43. Rh2+ Kg7 44. Re2 a4 45.
Re7+ Kh6 46. Rf7 a3 47. Rf1 a2 48. Rh1+ Kg7 49. Kf3 Rb1 50. Rxb1 axb1=Q 51. Ke3
Qb4 52. Kf3 h5 53. Kg3 h4+ 54. Kh3 g5 55. Kg2 Qb3 56. Kh2 h3 57. Kh1 Qc2 58.
Kg1 Qg2# 0-1

[Event "CYCC U12"]
[Site "Windsor CAN"]
[Date "2010.07.09"]
[Round "7"]
[White "Doknjas, John"]
[Black "Nasir, Zehn"]
[Result "0-1"]
[WhiteElo "1896"]
[BlackElo "1667"]
[PlyCount "72"]
[EventDate "2010.07.06"]
[EventType "swiss"]
[EventRounds "7"]
[EventCountry "CAN"]

1. d4 Nf6 2. c4 e5 3. dxe5 Ng4 4. Nf3 Bc5 5. e3 Nc6 6. Nc3 Ngxe5 7. Nd4 d6 8.
Be2 Bd7 9. O-O O-O 10. f4 Ng6 11. f5 Nh4 12. f6 gxf6 13. Ne4 f5 14. Nxc6 Bxc6
15. Nxc5 Qg5 16. g3 dxc5 17. e4 Qg7 18. exf5 Rad8 19. Qb3 Rfe8 20. Rf2 Re4 21.
Qc3 Nxf5 22. Rxf5 Qxc3 23. bxc3 Rxe2 24. Bh6 Rd6 25. Bf4 Rg2+ 26. Kf1 Re6 27.
Rd1 Rxh2 28. Rd8+ Kg7 29. Rg5+ Kf6 30. g4 Rxa2 31. Rf5+ Kg7 32. Be5+ f6 33. Bf4
Bg2+ 34. Kg1 Re1+ 35. Kh2 Rh1+ 36. Kg3 Rh3# 0-1

[Event "CYCC U12"]
[Site "Windsor CAN"]
[Date "2010.07.09"]
[Round "7"]
[White "Kanwischer, Alek"]
[Black "Farias, Durval"]
[Result "1-0"]
[WhiteElo "1098"]
[BlackElo "979"]
[PlyCount "81"]
[EventDate "2010.07.06"]
[EventType "swiss"]
[EventRounds "7"]
[EventCountry "CAN"]

1. e4 Nf6 2. e5 Nd5 3. Qf3 e6 4. Bc4 c6 5. Nc3 b5 6. Bxd5 exd5 7. d4 d6 8. Qe2
b4 9. exd6+ Be6 10. Na4 Bxd6 11. Nf3 O-O 12. O-O Bg4 13. h3 Bxf3 14. Qxf3 Bc7
15. Bf4 Bxf4 16. Qxf4 Nd7 17. c3 Nf6 18. cxb4 Nh5 19. Qf5 g6 20. Qg4 Nf6 21.
Qg5 Rb8 22. a3 Qd6 23. Qe5 Qd8 24. Nc3 Re8 25. Qf4 Nh5 26. Qf3 Re6 27. Qg4 f5
28. Qd1 Qg5 29. Qf3 Nf4 30. Qg3 Qh6 31. Rae1 Nh5 32. Qxb8+ Kf7 33. Qc7+ Kf6 34.
Rxe6+ Kxe6 35. Qe5+ Kf7 36. Re1 Nf6 37. Qe6+ Kg7 38. Qe7+ Kg8 39. Qxf6 Qg7 40.
Re8+ Qf8 41. Rxf8# 1-0

[Event "CYCC U12"]
[Site "Windsor CAN"]
[Date "2010.07.09"]
[Round "7"]
[White "McCleary, Reuben"]
[Black "Leu, Steven"]
[Result "1/2-1/2"]
[WhiteElo "1598"]
[BlackElo "1459"]
[PlyCount "59"]
[EventDate "2010.07.06"]
[EventType "swiss"]
[EventRounds "7"]
[EventCountry "CAN"]

1. e4 c5 2. c3 d6 3. d4 cxd4 4. cxd4 e6 5. Nf3 Nf6 6. Nc3 Nc6 7. Bb5 Bd7 8. O-O
a6 9. Ba4 Be7 10. Re1 O-O 11. Qe2 b5 12. Bb3 e5 13. dxe5 dxe5 14. Be3 Rb8 15.
Rad1 Qa5 16. Nd5 Bg4 17. Bd2 b4 18. h3 Bxf3 19. Qxf3 Nxd5 20. Bxd5 Nd4 21. Qg3
Bf6 22. Bh6 Kh8 23. Bg5 Bxg5 24. Qxg5 Rbe8 25. Bxf7 Rxf7 26. Rxd4 b3 27. Ra1
Qc5 28. Rd2 Ref8 29. Qg3 bxa2 30. Rxa2 1/2-1/2

[Event "CYCC U12"]
[Site "Windsor CAN"]
[Date "2010.07.09"]
[Round "7"]
[White "McInnis, Preston"]
[Black "Chana, Dilpreet"]
[Result "1-0"]
[WhiteElo "795"]
[BlackElo "1088"]
[PlyCount "67"]
[EventDate "2010.07.06"]
[EventType "swiss"]
[EventRounds "7"]
[EventCountry "CAN"]

1. e4 e5 2. Nf3 Nc6 3. Nc3 Nf6 4. d4 d5 5. Bb5 Bb4 6. Bg5 dxe4 7. Nxe5 Bxc3+ 8.
bxc3 Qd6 9. O-O a6 10. Bxc6+ bxc6 11. Bf4 O-O 12. Ng6 Qd8 13. Nxf8 Kxf8 14. Bg5
Qd6 15. Bxf6 Qxf6 16. Qe2 Bf5 17. f3 Qg6 18. g4 Re8 19. h3 e3 20. Qxa6 Bxc2 21.
Qa3+ Kg8 22. Qa7 Bd3 23. Rfe1 Qf6 24. Kg2 Be4 25. Rxe3 Qf4 26. Rxe4 Qd2+ 27.
Kg3 h6 28. Rxe8+ Kh7 29. Qxc7 Kg6 30. Qxc6+ Kh7 31. Qe4+ g6 32. Qe5 g5 33. Qh8+
Kg6 34. Rg8# 1-0

[Event "CYCC U12"]
[Site "Windsor CAN"]
[Date "2010.07.09"]
[Round "7"]
[White "O'Neil, Michael"]
[Black "Bhangoo, Kabir"]
[Result "1-0"]
[WhiteElo "1080"]
[BlackElo "1022"]
[PlyCount "71"]
[EventDate "2010.07.06"]
[EventType "swiss"]
[EventRounds "7"]
[EventCountry "CAN"]

1. c4 e6 2. Nc3 d5 3. d4 Nf6 4. Bg5 h6 5. Bh4 c5 6. e3 Nc6 7. Nf3 cxd4 8. exd4
Bb4 9. cxd5 exd5 10. Be2 O-O 11. O-O Qd6 12. Nb5 Qf4 13. Bg3 Qf5 14. Bd3 Qe6
15. Nc7 Qe7 16. Nxa8 Bg4 17. Nc7 Bxf3 18. Qxf3 Nxd4 19. Qd1 Ba5 20. Nb5 Nxb5
21. Bxb5 Rd8 22. Bh4 Qe5 23. Bxf6 Qxf6 24. b3 Bc7 25. Qf3 Qh4 26. g3 Qe4 27.
Qxe4 dxe4 28. Rfe1 Rd4 29. Rad1 Rb4 30. Bc4 b5 31. Rd7 Bb6 32. Bd5 Rd4 33.
Bxf7+ Kf8 34. Rxd4 Bxd4 35. Rxe4 Kxf7 36. Rxd4 1-0

[Event "CYCC U12"]
[Site "Windsor CAN"]
[Date "2010.07.09"]
[Round "7"]
[White "Rice, Steven"]
[Black "Papadopoulos, Andrew"]
[Result "0-1"]
[WhiteElo "1116"]
[BlackElo "1005"]
[PlyCount "106"]
[EventDate "2010.07.06"]
[EventType "swiss"]
[EventRounds "7"]
[EventCountry "CAN"]

1. e4 e6 2. d4 d6 3. Nf3 Nc6 4. Nc3 Nf6 5. Bb5 a6 6. Bxc6+ bxc6 7. O-O Bb7 8.
Bg5 h6 9. Bxf6 Qxf6 10. a3 Qd8 11. b4 Rb8 12. h3 g6 13. g4 f5 14. exf5 gxf5 15.
gxf5 exf5 16. Qe2+ Be7 17. Nh4 Qc8 18. Ng6 Rh7 19. Rae1 Kf7 20. Nxe7 Rg7+ 21.
Kh1 c5+ 22. Kh2 Rg2+ 23. Kh1 Qd8 24. Rg1 Rxf2+ 25. Rg2 Rxe2 26. Rexe2 Bxg2+ 27.
Kxg2 cxb4 28. axb4 Rxb4 29. d5 a5 30. Nxf5 Qg8+ 31. Kf2 Rf4+ 32. Ke1 Rxf5 33.
Rf2 Qe8+ 34. Kf1 Rxf2+ 35. Kxf2 a4 36. Nxa4 Qxa4 37. c3 Qc2+ 38. Kf3 Qxc3+ 39.
Kg2 c5 40. dxc6 Qxc6+ 41. Kg3 d5 42. Kf3 d4+ 43. Ke2 Qc4+ 44. Kf3 d3 45. Ke3
Qc3 46. Kf4 d2 47. h4 d1=Q 48. Ke4 Qa4+ 49. Kd5 Qca5+ 50. Kd6 Q4b4+ 51. Kc6
Qbb6+ 52. Kd7 Qaa7+ 53. Kc8 Qbb8# 0-1

[Event "CYCC U12"]
[Site "Windsor CAN"]
[Date "2010.07.09"]
[Round "7"]
[White "Song, Michael"]
[Black "Song, Terry"]
[Result "1/2-1/2"]
[WhiteElo "1866"]
[BlackElo "1916"]
[PlyCount "94"]
[EventDate "2010.07.06"]
[EventType "swiss"]
[EventRounds "7"]
[EventCountry "CAN"]

1. d4 Nf6 2. c4 c5 3. d5 e5 4. Nc3 d6 5. e4 Nbd7 6. Bd3 Be7 7. Nge2 O-O 8. O-O
Ne8 9. b3 g6 10. Ng3 Ng7 11. Qc2 Kh8 12. Nce2 Qc7 13. Bb2 a6 14. a4 Kg8 15. Kh1
Nf6 16. Qc3 Nfe8 17. f4 Bf6 18. Qc2 exf4 19. Nxf4 Bd7 20. Bxf6 Nxf6 21. h3 b5
22. Qc3 bxc4 23. Bxc4 Qd8 24. Rae1 Bc8 25. Qf3 Nd7 26. Nd3 f6 27. Ne2 Ne5 28.
Nxe5 fxe5 29. Qxf8+ Qxf8 30. Rxf8+ Kxf8 31. Rf1+ Ke7 32. Kh2 Bb7 33. g4 Ne8 34.
Kg2 Nf6 35. Ng3 Nd7 36. a5 Nf6 37. g5 Ne8 38. h4 Nc7 39. h5 Rf8 40. Rh1 Rf7 41.
hxg6 hxg6 42. Rh6 Rg7 43. Nf1 Kf7 44. Ne3 Bc8 45. Bd3 Bd7 46. Nc4 Nb5 47. Nb6
Ke7 1/2-1/2

[Event "CYCC U12"]
[Site "Windsor CAN"]
[Date "2010.07.09"]
[Round "7"]
[White "Thanabalachandran, Kajan"]
[Black "Zhong, Xiao Xiang"]
[Result "0-1"]
[WhiteElo "1530"]
[BlackElo "1686"]
[PlyCount "110"]
[EventDate "2010.07.06"]
[EventType "swiss"]
[EventRounds "7"]
[EventCountry "CAN"]

1. e4 e5 2. Nf3 f5 3. Nxe5 Nc6 4. Qh5+ g6 5. Nxg6 Nf6 6. Qh4 Rg8 7. Nf4 fxe4 8.
Nh5 Nxh5 9. Qxh5+ Rg6 10. Qxh7 Qf6 11. g3 Nd4 12. c3 Nc2+ 13. Kd1 Nxa1 14. Be2
d5 15. h3 Rg7 16. Qh5+ Qf7 17. Qe5+ Qe6 18. Qd4 c5 19. Qe3 Bd7 20. b3 O-O-O 21.
Bb2 Nxb3 22. axb3 Qb6 23. c4 d4 24. Qxe4 Qxb3+ 25. Kc1 Re7 26. Qd3 Qxd3 27.
Bxd3 Rde8 28. Kd1 Ba4+ 29. Bc2 Bxc2+ 30. Kxc2 Bh6 31. Ba3 b6 32. g4 Rf7 33. Rf1
Re2 34. f3 Rh2 35. Kd3 Rxh3 36. Ke4 Rf4+ 37. Kd5 Rhxf3 38. Rh1 Bg7 39. Rg1 Kd7
40. Bc1 Rf1 41. d3 Rxg1 42. Bxf4 Rxb1 43. Bb8 Kc8 44. Bd6 a5 45. Bxc5 bxc5 46.
Kxc5 a4 47. Kd6 a3 48. c5 a2 49. c6 a1=Q 50. c7 Qa6+ 51. Kd5 Re1 52. Kc5 Qa5+
53. Kc4 Rc1+ 54. Kb3 Rc3+ 55. Kb2 Qa3+ 0-1

[Event "CYCC U12"]
[Site "Windsor CAN"]
[Date "2010.07.09"]
[Round "7"]
[White "Yang, Benjamin"]
[Black "Graif, William"]
[Result "0-1"]
[WhiteElo "1744"]
[BlackElo "1676"]
[PlyCount "88"]
[EventDate "2010.07.06"]
[EventType "swiss"]
[EventRounds "7"]
[EventCountry "CAN"]

1. d4 Nf6 2. Nf3 b6 3. e3 Bb7 4. Bd3 e6 5. O-O Be7 6. Nbd2 d5 7. b3 O-O 8. Bb2
Nbd7 9. Ne5 c5 10. Qe2 Qc7 11. f4 Ne4 12. Rad1 f6 13. Nxd7 Qxd7 14. Bxe4 dxe4
15. dxc5 Bxc5 16. Nxe4 Qc6 17. Nxc5 bxc5 18. Rf2 Qe4 19. Ba3 Rfc8 20. c4 a5 21.
Qd3 a4 22. Qxe4 Bxe4 23. Bc1 axb3 24. axb3 Rcb8 25. Rb2 Ra3 26. b4 cxb4 27. Rd4
Ra1 28. Rxe4 Rxc1+ 29. Kf2 b3 30. Ke2 Rh1 31. Kd3 Kf7 32. h3 Ke7 33. Rd4 Rd1+
34. Ke2 Rg1 35. Kf2 Rc1 36. Rdd2 Rxc4 37. Kf3 f5 38. g3 Kf7 39. Kf2 h5 40. Kf3
g6 41. Ke2 Rb6 42. Kf2 e5 43. Ke2 Ke6 44. h4 e4 0-1

[Event "CYCC U12"]
[Site "Windsor CAN"]
[Date "2010.07.09"]
[Round "7"]
[White "Yang, Bryant"]
[Black "Mathews, Jeremy"]
[Result "1-0"]
[WhiteElo "1500"]
[BlackElo "1200"]
[PlyCount "143"]
[EventDate "2010.07.06"]
[EventType "swiss"]
[EventRounds "7"]
[EventCountry "CAN"]

1. e4 e5 2. Nf3 Nc6 3. Nc3 Nf6 4. d4 exd4 5. Nd5 Bc5 6. Bg5 d6 7. Bxf6 gxf6 8.
Qd2 Bg4 9. a3 Bxf3 10. gxf3 Ne5 11. Qf4 Nd7 12. Bh3 Ne5 13. Nxf6+ Ke7 14. Nd5+
Ke8 15. Bg4 d3 16. Nf6+ Ke7 17. O-O-O Bxf2 18. cxd3 Be3+ 19. Qxe3 Kxf6 20. h4
Nxg4 21. fxg4 Ke6 22. Qf4 Qf6 23. Qxf6+ Kxf6 24. d4 Rhe8 25. Rhf1+ Kg6 26. Rf4
Re7 27. Rdf1 Rae8 28. Rf5 Kg7 29. e5 dxe5 30. dxe5 Rxe5 31. Rxf7+ Kg8 32. Rxc7
Re4 33. Rg1 Re1+ 34. Rxe1 Rxe1+ 35. Kd2 Re4 36. Rxb7 Rxg4 37. Rb4 Rxb4 38. axb4
Kf7 39. Ke3 Ke7 40. Kf4 Kf6 41. Kg4 Kg6 42. h5+ Kh6 43. b5 Kg7 44. Kg5 h6+ 45.
Kf5 Kf7 46. Ke5 Ke7 47. b3 Kf7 48. Kf5 Kg7 49. Ke6 Kf8 50. Kf6 Kg8 51. Kg6 Kh8
52. Kxh6 Kg8 53. Kg6 Kh8 54. Kf6 Kh7 55. Ke7 Kh6 56. Kd7 Kxh5 57. Kc7 Kg4 58.
Kb7 Kf3 59. Kxa7 Ke3 60. b6 Kd3 61. b7 Kc3 62. b8=Q Kb2 63. b4 Kb3 64. b5 Kc3
65. b6 Kd3 66. b7 Ke3 67. Qe8+ Kf3 68. b8=Q Kg4 69. Qb4+ Kg5 70. Qe5+ Kg6 71.
Qbe7 Kh6 72. Q7g7# 1-0

[Event "CYCC U12"]
[Site "Windsor CAN"]
[Date "2010.07.09"]
[Round "7"]
[White "Ye, Hanyuan"]
[Black "Deforest, David"]
[Result "1/2-1/2"]
[WhiteElo "1670"]
[BlackElo "1378"]
[PlyCount "67"]
[EventDate "2010.07.06"]
[EventType "swiss"]
[EventRounds "7"]
[EventCountry "CAN"]

1. d4 Nf6 2. Nc3 d5 3. Bg5 Bf5 4. Nf3 e6 5. e3 Be7 6. Bb5+ c6 7. Bd3 Bxd3 8.
Qxd3 Nbd7 9. O-O O-O 10. Ne2 h6 11. Bh4 Re8 12. b3 Ne4 13. Bxe7 Qxe7 14. c4
Ndf6 15. c5 Rec8 16. Nd2 b6 17. b4 Rab8 18. Rab1 Qc7 19. Nc3 Nxd2 20. Qxd2 bxc5
21. bxc5 e5 22. Rb3 exd4 23. exd4 Re8 24. Rfb1 Rxb3 25. Rxb3 Ne4 26. Nxe4 Rxe4
27. f3 Re8 28. Re3 Rb8 29. Rb3 Rxb3 30. axb3 Qb8 31. b4 g5 32. Kh1 Qb5 33. Kg1
Qb8 34. g3 1/2-1/2

[Event "CYCC U12"]
[Site "Windsor CAN"]
[Date "2010.07.09"]
[Round "7"]
[White "Yu, Patrick"]
[Black "McCullough, David"]
[Result "1-0"]
[WhiteElo "1572"]
[BlackElo "1422"]
[PlyCount "81"]
[EventDate "2010.07.06"]
[EventType "swiss"]
[EventRounds "7"]
[EventCountry "CAN"]

1. e4 e6 2. d4 d5 3. e5 c5 4. c3 Nc6 5. Nf3 Qb6 6. Be2 cxd4 7. cxd4 Nge7 8. O-O
Nf5 9. Nc3 Nfxd4 10. Nxd4 Nxd4 11. Bd3 Nc6 12. Re1 Bb4 13. a3 Bc5 14. Qf3 Qc7
15. Qg3 Bf8 16. Nb5 Qb6 17. Nd6+ Bxd6 18. Qxg7 Bxe5 19. Rxe5 Rf8 20. Re1 Qd4
21. Qxd4 Nxd4 22. Bxh7 Rh8 23. Bd3 Rg8 24. Kh1 Bd7 25. Be3 Nc6 26. Rac1 Rc8 27.
b4 a6 28. Bc5 b5 29. f4 f5 30. Bxf5 Kf7 31. Bc2 Rg4 32. Rf1 Rcg8 33. Rf2 Rh8
34. Re1 Rgh4 35. h3 d4 36. Rd1 Rg8 37. Bxd4 Ke8 38. Bf6 Rh5 39. Re1 e5 40. Kh2
Rf8 41. Bg6+ 1-0

[Event "CYCC U12"]
[Site "Windsor CAN"]
[Date "2010.07.09"]
[Round "7"]
[White "Zhang, Kevin"]
[Black "Kong, Dezheng"]
[Result "0-1"]
[WhiteElo "1756"]
[BlackElo "2006"]
[PlyCount "28"]
[EventDate "2010.07.06"]
[EventType "swiss"]
[EventRounds "7"]
[EventCountry "CAN"]

1. Nf3 Nf6 2. d4 c5 3. dxc5 e6 4. Bf4 Bxc5 5. Nc3 Qb6 6. e3 Bb4 7. Be5 Nc6 8.
Qd3 Nxe5 9. Nxe5 d5 10. O-O-O O-O 11. g4 Qa5 12. h4 Bxc3 13. bxc3 Ne4 14. Bg2
Qa3+ 0-1

[Event "CYCC U12 w"]
[Site "Windsor CAN"]
[Date "2010.07.06"]
[Round "1"]
[White "Bacic, Joyce"]
[Black "Forshaw, Erica"]
[Result "0-1"]
[WhiteElo "821"]
[BlackElo "1152"]
[PlyCount "34"]
[EventDate "2010.07.06"]
[EventType "tourn"]
[EventRounds "6"]
[EventCountry "CAN"]

1. d4 d5 2. Nc3 Nf6 3. e4 dxe4 4. Qe2 Qxd4 5. f3 exf3 6. Nxf3 Qb6 7. Qd3 Nc6 8.
a3 e6 9. Be3 Qxb2 10. Ra2 Nb4 11. Qc4 Nxa2 12. Na4 Qxa3 13. Qb5+ c6 14. Qc4
Qxe3+ 15. Be2 Bb4+ 16. c3 Bxc3+ 17. Kd1 Qc1# 0-1

[Event "CYCC U12 w"]
[Site "Windsor CAN"]
[Date "2010.07.06"]
[Round "1"]
[White "Giblon, Melissa"]
[Black "Peng, Jackie"]
[Result "0-1"]
[WhiteElo "1344"]
[BlackElo "1800"]
[PlyCount "82"]
[EventDate "2010.07.06"]
[EventType "tourn"]
[EventRounds "6"]
[EventCountry "CAN"]

1. e4 c5 2. Nf3 d6 3. d4 cxd4 4. Nxd4 Nf6 5. Nc3 g6 6. Be3 Bg7 7. f3 O-O 8. Qd2
Nc6 9. O-O-O Qa5 10. g4 Bd7 11. h4 Rfc8 12. h5 Nxd4 13. Bxd4 Be6 14. a3 Rab8
15. hxg6 hxg6 16. Qh2 b5 17. g5 Nh5 18. Bxg7 Kxg7 19. Be2 b4 20. Nb1 bxa3 21.
Nxa3 Qb4 22. Nb5 Qa4 23. Nc3 Qa1+ 24. Kd2 Qxb2 25. Nb1 Qxc2+ 26. Ke1 Rxb1 27.
Rxb1 Qxb1+ 28. Kf2 Qb6+ 29. Kg2 Qe3 30. Re1 Qxg5+ 31. Kf2 Nf4 32. Rh1 Nh3+ 33.
Ke1 Rc1+ 34. Bd1 Qe3+ 35. Qe2 Qxe2+ 36. Kxe2 Bb3 37. Rxh3 Rxd1 38. f4 Rb1 39.
Kd2 a5 40. Kc3 a4 41. Kd4 a3 0-1

[Event "CYCC U12 w"]
[Site "Windsor CAN"]
[Date "2010.07.06"]
[Round "1"]
[White "Sametova, Zhanna"]
[Black "Croucher, Rebecca"]
[Result "1-0"]
[WhiteElo "1428"]
[BlackElo "972"]
[PlyCount "39"]
[EventDate "2010.07.06"]
[EventType "tourn"]
[EventRounds "6"]
[EventCountry "CAN"]

1. e4 e5 2. Nf3 Nc6 3. Bb5 Nf6 4. O-O Bc5 5. c3 Nxe4 6. d4 exd4 7. Re1 Qe7 8.
cxd4 Nxd4 9. Nxd4 Bb4 10. Bd2 Bxd2 11. Nxd2 f5 12. Nxf5 Qe5 13. Rxe4 Qxe4 14.
Nxe4 O-O 15. Ne7+ Kh8 16. Qh5 d6 17. Ng6+ Kg8 18. Bc4+ Rf7 19. Ne7+ Kf8 20.
Qxf7# 1-0

[Event "CYCC U12 w"]
[Site "Windsor CAN"]
[Date "2010.07.06"]
[Round "2"]
[White "Croucher, Rebecca"]
[Black "Giblon, Melissa"]
[Result "0-1"]
[WhiteElo "972"]
[BlackElo "1344"]
[PlyCount "66"]
[EventDate "2010.07.06"]
[EventType "tourn"]
[EventRounds "6"]
[EventCountry "CAN"]

1. e4 e5 2. Nf3 Nc6 3. Nc3 Nf6 4. Bc4 Nxe4 5. Nxe4 d5 6. Bb3 dxe4 7. d3 exf3 8.
Qxf3 Qd7 9. O-O Nd4 10. Qe4 Bd6 11. Bc4 Nxc2 12. Rb1 O-O 13. Bg5 Qe8 14. Rbc1
Nd4 15. Rce1 c6 16. a3 b5 17. Ba2 Bf5 18. Qh4 Bxd3 19. Bb1 Bxb1 20. Rxb1 f5 21.
Rfe1 Qd7 22. Red1 f4 23. Rd3 Qf5 24. Rbd1 f3 25. Qg3 Ne2+ 26. Kf1 Nxg3+ 27.
hxg3 fxg2+ 28. Kxg2 Qxf2+ 29. Kh3 Qf5+ 30. g4 Qxg5 31. Rxd6 Rf3+ 32. Kg2 Qxg4+
33. Kh1 Rh3# 0-1

[Event "CYCC U12 w"]
[Site "Windsor CAN"]
[Date "2010.07.06"]
[Round "2"]
[White "Forshaw, Erica"]
[Black "Tao, Rachel"]
[Result "1-0"]
[WhiteElo "1152"]
[BlackElo "1186"]
[PlyCount "121"]
[EventDate "2010.07.06"]
[EventType "tourn"]
[EventRounds "6"]
[EventCountry "CAN"]

1. e4 e6 2. Nc3 d5 3. Nf3 c5 4. d4 Nc6 5. Bb5 a6 6. Bxc6+ bxc6 7. Be3 Qb6 8.
Rb1 Nf6 9. e5 Ne4 10. Nxe4 dxe4 11. Nd2 cxd4 12. Bf4 e3 13. fxe3 dxe3 14. Nc4
Qb4+ 15. Nd2 exd2+ 16. Bxd2 Qe4+ 17. Qe2 Qxe2+ 18. Kxe2 Bc5 19. Rhd1 O-O 20. g4
a5 21. a3 Ba6+ 22. Ke1 Rfd8 23. Bxa5 Rxd1+ 24. Rxd1 h6 25. b4 Be3 26. Rd6 Bf4
27. Rxc6 Bxe5 28. h4 Bg3+ 29. Kd2 Bxh4 30. c4 Ra7 31. b5 Bb7 32. Rc7 Rxa5 33.
Rxb7 Rxa3 34. Rb8+ Kh7 35. c5 Bg5+ 36. Kc2 Bf4 37. Rf8 Ra5 38. Rxf7 Be3 39. c6
Rxb5 40. Kd3 Bb6 41. Rf8 Rd5+ 42. Ke4 Rc5 43. Rc8 Rc4+ 44. Ke5 Rxg4 45. Kxe6 h5
46. c7 h4 47. Rh8+ Kxh8 48. c8=Q+ Kh7 49. Kd5 Rd4+ 50. Ke5 Rb4 51. Qf5+ Kg8 52.
Qe6+ Kh8 53. Kf5 Rb5+ 54. Kg6 Rg5+ 55. Kxg5 Kh7 56. Qxb6 h3 57. Qg6+ Kg8 58.
Qh5 g6 59. Qxg6+ Kf8 60. Kf6 h2 61. Qf7# 1-0

[Event "CYCC U12 w"]
[Site "Windsor CAN"]
[Date "2010.07.06"]
[Round "2"]
[White "Peng, Jackie"]
[Black "Bacic, Joyce"]
[Result "1-0"]
[WhiteElo "1800"]
[BlackElo "821"]
[PlyCount "65"]
[EventDate "2010.07.06"]
[EventType "tourn"]
[EventRounds "6"]
[EventCountry "CAN"]

1. e4 d5 2. exd5 Qxd5 3. Nc3 Qe6+ 4. Be2 Qf6 5. Nf3 e5 6. O-O h5 7. Re1 Qf5 8.
Bb5+ Bd7 9. Rxe5+ Qxe5 10. Nxe5 Bxb5 11. Nxb5 Nd7 12. Nxc7+ Kd8 13. Nxa8 Nxe5
14. d4 Nc6 15. Bf4 g5 16. d5 Na5 17. Bxg5+ Be7 18. Bxe7+ Kxe7 19. Qd4 Rh6 20.
Re1+ Kf8 21. d6 Nc6 22. Qf4 Rf6 23. Qd2 Kg7 24. d7 Nge7 25. d8=Q Nxd8 26. Qxd8
Ng8 27. Nc7 Kg6 28. Qxg8+ Kf5 29. Nd5 Rd6 30. Qxf7+ Kg4 31. f3+ Kg5 32. Re5+
Kh4 33. Rxh5# 1-0